Y C de Newton

Spremljeno u:
Bibliografski detalji
Glavni autor: Iommi Amunátegui, Godofredo Tomás (autor)
Format: Knjiga
Jezik:španjolski
Izdano: Valparaíso Universidad Católica de Valparaíso 1987
Serija:Veinte Algoritmos
Teme:
Oznake: Dodaj oznaku
Bez oznaka, Budi prvi tko označuje ovaj zapis!

MARC

LEADER 00000nam a2200000 a 4500
001 UCM3131
003 CL-VaPUC
005 20240819115757.0
008 020628e19870000CL |||||||||||||||||spa|d
999 |c 300628  |d 300626 
040 |c Pontificia Universidad Católica de Valparaíso 
082 0 4 |a 511.2  |b IOM  |2 21 
100 |a Iommi Amunátegui, Godofredo Tomás  |e autor  |9 604202 
245 1 0 |a Y C de Newton 
260 |a Valparaíso  |b Universidad Católica de Valparaíso  |c 1987 
300 |a 14 p 
490 0 |a Veinte Algoritmos 
500 |a Apuntes de Isabel Margarita Reyes, de las clases dictadas en los Talleres de la Escuela de Arquitectura UCV, durante los años 1978-1983 
583 |a last modification  |c 20020628 00:00:00  |k Rodrigo Vera 
600 |a Newton, Isaac,  |d 1642-1727  |9 875680 
650 7 |a INDUCCION MATEMATICA  |2 CL-VaPUC  |9 469865 
650 0 |a Lógica matemática   |9 262442 
942 |c BK  |2 ddc 
945 |d 20020628 00:00:00  |a vberengu 
952 |0 0  |1 0  |4 0  |6 511_200000000000000_IOM_1987  |7 0  |8 R  |9 358636  |a BIBARQ  |b BIBARQ  |d 2019-11-21  |i 3824004  |o 511.2 IOM 1987  |p 3824004  |r 2025-01-20  |w 2019-11-21  |y BK_R  |k ARQ 
952 |0 0  |1 0  |4 0  |6 511_200000000000000_IOM_1987  |7 0  |8 R  |9 358637  |a BIBARQ  |b BIBARQ  |d 2019-11-21  |i 3824012  |o 511.2 IOM 1987  |p 3824012  |r 2025-01-20  |w 2019-11-21  |y BK_R  |k ARQ 
952 |0 0  |1 0  |4 0  |6 511_200000000000000_IOM_1987  |7 0  |8 R  |9 358638  |a BIBARQ  |b BIBARQ  |d 2019-11-21  |i 3824020  |o 511.2 IOM 1987  |p 3824020  |r 2025-01-20  |w 2019-11-21  |y BK_R  |k ARQ 
952 |0 0  |1 0  |4 0  |6 511_200000000000000_IOM_1987  |7 0  |8 R  |9 358639  |a BIBARQ  |b BIBARQ  |d 2019-11-21  |i 4011341  |o 511.2 IOM 1987  |p 4011341  |r 2025-01-20  |w 2019-11-21  |y BK_R  |k ARQ 
952 |0 0  |1 0  |4 0  |6 511_200000000000000_IOM_1987  |7 0  |8 R  |9 358640  |a BIBARQ  |b BIBARQ  |d 2019-11-21  |i 401135K  |o 511.2 IOM 1987  |p 401135K  |r 2025-01-20  |w 2019-11-21  |y BK_R  |k ARQ